| 000 | 01700nam a2200469 i 4500 | ||
|---|---|---|---|
| 001 | 104809 | ||
| 003 | FlNmELB | ||
| 005 | 20241217173543.0 | ||
| 006 | m o d | | ||
| 007 | cr cnu|||||||| | ||
| 008 | 160130s2014 sp o 001 0 spa d | ||
| 020 | _z9788436820300 | ||
| 020 | _a9788436831672 (e-book) | ||
| 035 | _a(MiAaPQ)EBC4184506 | ||
| 035 | _a(Au-PeEL)EBL4184506 | ||
| 035 | _a(CaPaEBR)ebr11126743 | ||
| 035 | _a(OCoLC)949163336 | ||
| 040 |
_aFINmELB _bspa _erda _cFINmELB |
||
| 050 | 4 |
_aHF5415 _bC419 2014 |
|
| 080 | _a658.8 | ||
| 082 | 0 |
_a658.8 _223 |
|
| 100 | 1 | _aCerviño, Julio. | |
| 245 | 1 | 0 |
_aMarketing internacional : _bnuevas perspectivas para un mercado globalizado / _cJulio Cerviño. |
| 264 | 1 |
_aMadrid : _bLarousse - Ediciones Pirámide, _c[2014] |
|
| 300 | _a1 recurso en línea (414 páginas) | ||
| 336 |
_atexto _btxt _2rdacontent/spa |
||
| 337 |
_acomputadora _bc _2rdamedia/spa |
||
| 338 |
_arecurso en línea _bcr _2rdacarrier/spa |
||
| 490 | 1 | _aColección Empresa y gestión | |
| 500 | _aContiene índice. | ||
| 588 | _aDescripción basada en recurso en línea; Título de la página del título en PDF (e-libro, visto January 30, 2016). | ||
| 590 | _aRecurso electronico. Santa Fe, Arg. : e-libro, 2016. Disponible via World Wide Web. El acceso puede ser limitado para las bibliotecas afiliadas a e-libro. | ||
| 650 | 0 | _aMarketing. | |
| 650 | 4 | _aComercialización. | |
| 650 | 4 | _aMarketing. | |
| 650 | 0 | _aGlobalization. | |
| 650 | 4 | _aGlobalización. | |
| 655 | 4 | _aLibros electrónicos. | |
| 797 | 2 | _ae-libro, Corp. | |
| 830 | 0 | _aColección Empresa y gestión. | |
| 856 | 4 | 0 | _uhttps://elibro.net/ereader/politecnicointernacional/49090 |
| 999 |
_c104809 _d104809 |
||